000 00551nam a2200181 i 4500
001 72623
003 ES-MaACL
005 20230906171509.0
007 t|
008 040902s1972 sp ||||1| spa d
100 1 _aGligoric, Svetozar.
_957441
245 1 0 _aFischer contra Spassky /
_cSvetozar Gligoric ; [traducción, Domingo Santos y Luis Vigi].
260 _aSantiago de Chile :
_bPomaire,
_c[1972]
300 _a254 p. ;
_c20 cm.
700 1 _aSantos, Domingo.
_9103468
700 1 _aVigi, Luis.
_9114621
852 _aES-MaACL
_jC-49294
_bR.84035
999 _c72623
_d72623